| 000 | 00465nam a2200169 a 4500 | ||
|---|---|---|---|
| 005 | 20140310183259.0 | ||
| 008 | 041125s19uu xx 00 eng d | ||
| 050 |
_aAG 5 _b.Ox98 1970 |
||
| 245 | _aThe oxford dictionary of quotations / | ||
| 260 |
_aNew York : _bOxford University Press, _cc1970. |
||
| 300 |
_a1003 p. : _c25 cm. |
||
| 650 | _aQuotations. | ||
| 650 | _aQuotations, English. | ||
| 650 | _aProverbs, English. | ||
| 942 |
_cBK _2lcc |
||
| 999 |
_c20931 _d20931 |
||